000 01099cab a2200289 4500
001 ABS56404
008 090401t1996 xxu||||| |||| 00| 0 eng d
035 _a(Sirsi) u23366
041 _aeng
245 _aPlatform Home Loans Ltd v Oyston Shipways Ltd and others
260 _c1996
350 _a0
490 _aEstates Gazette
_v[1996] 49 EG 112-117(6)
520 _aChD 29 July 1996. P lending funds to 70 per cent on security of a residential property valued at £1.5m, was held to be entitled to damages for over-valuation by defendant valuers. However, they were found to be contributorily negligent to 20 per cent in lending a high percentage on an expensive property.
650 _aCONTRIBUTORY NEGLIGENCE
650 _aDAMAGES
650 _aLOAN TO VALUE RATIO
650 _aMORTGAGE LENDERS
650 _aMORTGAGE
650 _aNEGLIGENCE
650 _aOVER-VALUATION
650 _aPLATFORM HOME LOANS LTD V OYSTON SHIPWAYS LTD AND OTHERS
650 _aVALUERS
690 _aMANAGEMENT-BUSINESS MANAGEMENT-PROFESSIONAL PRACTICE
942 _n0
948 _c04/03/1997
999 _c15621
_d15621